APEC Schools

Train man (Record no. 7009)

000 -LEADER
fixed length control field nam a22 7a 4500
005 - DATE AND TIME OF LATEST TRANSACTION
control field 20190129044638.0
008 - FIXED-LENGTH DATA ELEMENTS--GENERAL INFORMATION
fixed length control field 190129b xxu||||| |||| 00| 0 eng d
020 ## - IDENTIFIER FOR THE MANIFESTATION
Identifier for the Manifestation 9780345498694
Binding paperback
040 ## - CATALOGING SOURCE
Language of Cataloging eng
Transcribing Agency APEC Schools Library
Description Conventions rda
082 ## - DEWEY DECIMAL CLASSIFICATION NUMBER
Classification number Fic
Author's Number N163t 2004
100 ## - CREATOR
Preferred Name of the Person Nakano, Hitori
245 ## - TITLE AND STATEMENT OF RESPONSIBILITY
Preferred Title Proper Train man
Statement of Responsibility/Parallel Statement of Responsibility Hitori Nakano
264 ## - PUBLICATION STATEMENT
Place of publication, distribution, etc New York :
Publisher's Name/Parallel Publisher's Name Ballantine Books,
Copyright ©2004.
Date of Publication 2004.
300 ## - PHYSICAL DESCRIPTION
Extent 403 pages :
Illustrative Content illustrations ;
Dimensions 18 cm.
336 ## - RDA CONTENT
Source rdacontent
Content Type text
337 ## - RDA MEDIA
Source rdamedia
Media Type unmediated
338 ## - RDA CARRIER
Source rdacarrier
Carrier Type volume
942 ## - ADDED ENTRY ELEMENTS (KOHA)
Source of Classification
Koha Item Type Books
Holdings
Library Site Location Shelving Location Source of Acquisition Full Classification Number Accession Number Koha Item Type
APEC Calumpang Library APEC Calumpang Library Fiction Institutional Fund Fic N163t 2004 B10-0000247 Fiction
APEC Dasmarinas Library APEC Dasmarinas Library Fiction Institutional Fund Fic N163t 2004 B03-0000239 Fiction
APEC Grace Park West Library APEC Grace Park West Library Fiction Institutional Fund Fic N163t 2004 A09-0000143 Fiction
APEC JRU Lipa Library APEC JRU Lipa Library Fiction Institutional Fund Fic N163t 2004 B12-0000242 Fiction
APEC Marikina Heights Library APEC Marikina Heights Library Fiction Institutional Fund Fic N163t 2004 A08-0000156 Fiction
APEC Ortigas Extension, Cainta Library APEC Ortigas Extension, Cainta Library Fiction Institutional Fund Fic N163t 2004 B09-0000298 Fiction

Powered by Koha